00794nam a2200157Ia 4500008004100000082002000041100002100061245011900082260004900201365000600250630011900256730011900375942000900494999001900503952011400522100415s9999 xx 000 0 und d b5870a598.1(54) aSMITH, MALCOLM A aThe Fauna of British India including Ceylon and Burma : Reptilia and Amphibia Vol. II - Sauria: FOR REFERENCE ONLY aNEW DELHIc1974bTODAY & TOMORROW'S PRINTERS b0 aThe Fauna of British India including Ceylon and Burma : Reptilia and Amphibia Vol. II - Sauria: FOR REFERENCE ONLY aThe Fauna of British India including Ceylon and Burma : Reptilia and Amphibia Vol. II - Sauria: FOR REFERENCE ONLY cBOOK c588842d588839 00104070aBNHSbBNHSd1999-08-02g0.00l0o598.1(54) 5870pBNHS-5870r2010-04-15 00:00:00w2010-04-15yBOOK